000
00222nam a2200097Ia 4500
001
758447
005
20250826164857.0
008
250824s9999 xx 000 0 und d
245
0
_a
BÜYÜK ATLAS
260
_b
KARATAY YAYINLARI
999
_c
758447
_d
758447